Avances de ciencia y tecnologa̕ en Quintana Roo

Detalles Bibliográficos
Formato: eBook
Lenguaje:español
Publicado: Mx̌ico D.F.: Plaza y Valdš Editores, 2011
Materias:
Acceso en línea:Acceso restringido

MARC

LEADER 00000nam a22000007a 4500
005 20130711171848.0
007 cr|||| |||
008 130711s2011 mx |||||s|||| 00||0 spa d
020 |a 978-607-402-354-1 
035 |a 11415 
040 |a vLex 
090 |c 4432  |d 4432 
245 0 0 |a Avances de ciencia y tecnologa̕ en Quintana Roo  |h [Recurso electrn̤ico] 
256 |a Servicio en ln̕ea 
260 |a Mx̌ico D.F.:  |b Plaza y Valdš Editores,  |c 2011 
300 |a 1 recurso electrn̤ico 
506 1 |a Contenido solo disponible en los productos indicados  |d vLex Global  |d vLex Global (Academic Edition, excluding Law Schools)  |d vLex Global (U.S. Academic Edition, Law Schools)  |d vLex Global (U.S. Academic Edition, excluding Law Schools)  |d vLex Global (Academic Edition, Law Schools) 
650 0 4 |a Ciencia  |z Mx̌ico 
650 0 4 |a Tecnologa̕  |z Mx̌ico 
740 0 |a vLex Libros (Servicio en ln̕ea) 
856 4 0 |u http://vlex.com/source/avances-ciencia-tecnologia-quintana-roo-11415  |z Acceso restringido 
942 |c BOOK 
999 0 |a Science 
999 0 |a Technology